| 000 | 00541nam a2200193 4500 | ||
|---|---|---|---|
| 003 | OSt | ||
| 005 | 20240624025651.0 | ||
| 006 | a | ||
| 008 | 240624b |||||||| |||| 00| 0 eng d | ||
| 040 |
_aDWCL-HMN lib. _cOC |
||
| 082 | _aCirc. 641.76 M534 2007 | ||
| 110 | _aMen’s Health Magazine | ||
| 245 | _aMen’s Health : a man’s guide to grilling / | ||
| 260 |
_aUSA : _bRodale Inc. , _cc2007. |
||
| 300 |
_b167 p. : col. ill. ; _c23 cm. |
||
| 650 | _a1. Grilling. | ||
| 650 | _a2. Barbecue cooking. | ||
| 942 |
_2ddc _n0 _cBK-CIRC _kCirc. |
||
| 999 |
_c1196 _d1196 |
||